[Event "SUI-ch HT"]
[Site "Bern"]
[Date "2014.10.01"]
[Round "6"]
[White "Widmer, Simon"]
[Black "Tregubov, Pavel V"]
[Result "0-1"]
[WhiteElo "2203"]
[BlackElo "2606"]
[PlyCount "84"]
[EventDate "2014.09.27"]
[EventType "swiss"]
[EventRounds "9"]
[EventCountry "SUI"]
[SourceTitle "EXT 2016"]
[Source "ChessBase"]
[SourceDate "2015.10.08"]
[SourceVersion "1"]
[SourceVersionDate "2015.10.08"]
[SourceQuality "1"]

1. e4 c5 2. Nf3 e6 3. d4 cxd4 4. Nxd4 Nc6 5. Nc3 a6 6. Be3 Nf6 7. Bd3 Ne5 8. Nf3 d6 9. Nxe5 dxe5 10. 0-0 Bd7 11. a4 Qa5 12. Kh1 Bc5 13. Bd2 Qc7 14. f4 Bd6 15. f5 exf5 16. exf5 Bc6 17. Bg5 0-0-0 18. Bxf6 gxf6 19. Be4 Bb4 20. Nd5 Bxd5 21. Bxd5 e4 22. Qd4 e3 23. Qxb4 Rxd5 24. Rae1 Re8 25. Rf3 Rde5 26. Qb3 Qd7 27. h3 Qd2 28. Qc3+ Kb8 29. Kh2 Rc8 30. Qxd2 exd2 31. Rd1 Rxc2 32. Rd3 Rxb2 33. R3xd2 Rxd2 34. Rxd2 Kc7 35. Rd4 Rxf5 36. Kg3 b5 37. Kg4 Rc5 38. axb5 axb5 39. Kf3 Kb6 40. Ke3 Ka5 41. Kd3 b4 42. Rd7 b3 0-1

[Event "SUI-ch HT"]
[Site "Bern"]
[Date "2014.09.28"]
[Round "3"]
[White "Ernst, Rolf"]
[Black "Widmer, Simon"]
[Result "0-1"]
[WhiteElo "2074"]
[BlackElo "2203"]
[PlyCount "68"]
[EventDate "2014.09.27"]
[EventType "swiss"]
[EventRounds "9"]
[EventCountry "SUI"]
[SourceTitle "EXT 2016"]
[Source "ChessBase"]
[SourceDate "2015.10.08"]
[SourceVersion "1"]
[SourceVersionDate "2015.10.08"]
[SourceQuality "1"]

1. d4 Nf6 2. c4 g6 3. Nc3 d5 4. e3 Bg7 5. Qa4+ c6 6. Nf3 0-0 7. Be2 dxc4 8. Qxc4 Be6 9. Qd3 c5 10. 0-0 Nc6 11. Rd1 cxd4 12. Nxd4 Nxd4 13. exd4 Nd5 14. Bf3 Rc8 15. Bg5 Re8 16. Qd2 Nxc3 17. bxc3 Bd5 18. Qd3 Qd7 19. Rab1 b6 20. Bxd5 Qxd5 21. Qd2 Rc6 22. Be3 Rec8 23. Rb3 Rc4 24. h3 e6 25. Qd3 b5 26. Rdb1 a6 27. f4 Ra4 28. Qd2 Qe4 29. R1b2 Rac4 30. Bf2 Bh6 31. Bg3 Bf8 32. Qf2 b4 33. cxb4 Bg7 34. Qe2 Bxd4+ 0-1

[Event "Zuerich op-A 32nd"]
[Site "Zuerich"]
[Date "2008.12.30"]
[Round "7"]
[White "Eschbach, Dennis"]
[Black "Widmer, Simon"]
[Result "1-0"]
[WhiteElo "2414"]
[BlackElo "2198"]
[PlyCount "71"]
[EventDate "2008.12.26"]
[EventType "swiss"]
[EventRounds "7"]
[EventCountry "SUI"]
[SourceTitle "CBM 127 Extra"]
[Source "ChessBase"]
[SourceDate "2009.01.08"]
[SourceVersion "2"]
[SourceVersionDate "2009.01.28"]
[SourceQuality "1"]

1. e4 c5 2. Nf3 Nc6 3. d4 cxd4 4. Nxd4 e5 5. Nb5 Nf6 6. N1c3 d6 7. Bg5 a6 8. Na3 b5 9. Nd5 Be7 10. Bxf6 Bxf6 11. c4 b4 12. Nc2 a5 13. g3 Bg5 14. Bg2 0-0 15. 0-0 Rb8 16. b3 Kh8 17. Qd3 g6 18. f4 exf4 19. gxf4 Bh6 20. Rad1 Be6 21. Kh1 f5 22. Nde3 fxe4 23. Qxe4 Bd7 24. Rxd6 Rc8 25. Qd3 Rf7 26. Nd4 Nxd4 27. Qxd4+ Bg7 28. Qd5 Qe8 29. Qd3 Re7 30. Rf3 Bc6 31. Nd5 Re1+ 32. Rf1 Re2 33. f5 Rxa2 34. Rxg6 hxg6 35. Qh3+ Kg8 36. fxg6 1-0

[Event "Zuerich op-A 32nd"]
[Site "Zuerich"]
[Date "2008.12.26"]
[Round "1"]
[White "Widmer, Simon"]
[Black "Hasenohr, Benedict"]
[Result "0-1"]
[WhiteElo "2198"]
[BlackElo "2008"]
[PlyCount "76"]
[EventDate "2008.12.26"]
[EventType "swiss"]
[EventRounds "7"]
[EventCountry "SUI"]
[SourceTitle "CBM 127 Extra"]
[Source "ChessBase"]
[SourceDate "2009.01.08"]
[SourceVersion "2"]
[SourceVersionDate "2009.01.28"]
[SourceQuality "1"]

1. e4 e5 2. Nf3 Nc6 3. Bb5 f5 4. d3 Nf6 5. exf5 Bc5 6. 0-0 0-0 7. Be3 Qe7 8. Bxc5 Qxc5 9. Bxc6 bxc6 10. Nc3 Ba6 11. Re1 Rae8 12. Qd2 d6 13. d4 exd4 14. Nxd4 Bc8 15. h3 Bxf5 16. b4 Qxb4 17. Nxf5 Nd5 18. Rxe8 Rxe8 19. Re1 Rxe1+ 20. Qxe1 Kf7 21. Qe4 Qxc3 22. Nd4 Ne7 23. Qf4+ Ke8 24. Qg4 Qe1+ 25. Kh2 Qxf2 26. Ne6 Qf6 27. Nxc7+ Kf7 28. Qd7 Qe5+ 29. Kh1 Kg6 30. Qg4+ Qg5 31. Qe6+ Qf6 32. Qe4+ Kf7 33. Qxh7 Qf1+ 34. Kh2 Ng6 35. Ne6 Qf6 36. Nc7 d5 37. Na6 Qf4+ 38. Kh1 Qf1+ 0-1

[Event "World University-ch 10th"]
[Site "Novokuznetsk"]
[Date "2008.03.06"]
[Round "4"]
[White "Battulga, Namkhai"]
[Black "Widmer, Simon"]
[Result "1-0"]
[WhiteElo "2306"]
[BlackElo "2176"]
[PlyCount "93"]
[EventDate "2008.03.04"]
[EventType "team"]
[EventRounds "9"]
[EventCountry "RUS"]
[SourceTitle "CBM 123 Extra"]
[Source "ChessBase"]
[SourceDate "2008.05.06"]
[SourceVersion "1"]
[SourceVersionDate "2008.05.06"]
[SourceQuality "1"]

1. e4 c5 2. Nf3 Nc6 3. d4 cxd4 4. Nxd4 e5 5. Nb5 Nf6 6. N1c3 d6 7. Bg5 a6 8. Na3 b5 9. Bxf6 gxf6 10. Nd5 Bg7 11. Bd3 Ne7 12. Nxe7 Qxe7 13. 0-0 0-0 14. c4 f5 15. Qf3 Re8 16. Rfe1 f4 17. cxb5 Qg5 18. h3 d5 19. exd5 f5 20. Bf1 e4 21. Qb3 f3 22. Kh1 Kh8 23. Nc4 Rg8 24. g3 Qg6 25. b6 f4 26. Qc2 Bf5 27. g4 Bxg4 28. Qxe4 Bf5 29. Qxf3 Bxb2 30. Bg2 Bxa1 31. Rxa1 Rae8 32. Kh2 Qg7 33. Rg1 Be4 34. Qg4 Qf6 35. Qh5 f3 36. Bf1 Qf4+ 37. Rg3 Rd8 38. Qe5+ Qxe5 39. Nxe5 Rxg3 40. Nf7+ Kg7 41. Nxd8 Rg6 42. Ne6+ Kf6 43. b7 Rg8 44. Nc5 Ke7 45. Nxa6 Kd6 46. b8N Bxd5 47. a4 1-0

[Event "World University-ch 10th"]
[Site "Novokuznetsk"]
[Date "2008.03.05"]
[Round "3"]
[White "Widmer, Simon"]
[Black "Wyss, Jonas"]
[Result "1-0"]
[WhiteElo "2176"]
[BlackElo "2181"]
[PlyCount "101"]
[EventDate "2008.03.04"]
[EventType "team"]
[EventRounds "9"]
[EventCountry "RUS"]
[SourceTitle "CBM 123 Extra"]
[Source "ChessBase"]
[SourceDate "2008.05.06"]
[SourceVersion "1"]
[SourceVersionDate "2008.05.06"]
[SourceQuality "1"]

1. e4 c5 2. Nf3 d6 3. d4 cxd4 4. Nxd4 Nf6 5. Nc3 a6 6. Bc4 e6 7. Bb3 b5 8. 0-0 Be7 9. Qf3 Qb6 10. Be3 Qb7 11. Qg3 b4 12. Na4 Nbd7 13. f3 0-0 14. Rfd1 Ne5 15. Ne2 Bd7 16. Nb6 Rab8 17. Rac1 Bc6 18. Nd4 Qxb6 19. Nf5 exf5 20. Bxb6 Rxb6 21. exf5 a5 22. Re1 Bd8 23. a4 bxa3 24. bxa3 a4 25. f4 Nh5 26. Qf2 Ng4 27. Qe2 Ngf6 28. Bc4 Nxf4 29. Qd2 Nxg2 30. Qxd6 Bd5 31. Qe5 Bxc4 32. Kxg2 Rb5 33. Qf4 Bd5+ 34. Kh3 Bb7 35. Rb1 Rxb1 36. Rxb1 Bc6 37. Rb8 Bd7 38. Qd6 Re8 39. c4 h5 40. c5 Kh7 41. c6 Bxf5+ 42. Kg2 Re2+ 43. Kf1 Be7 44. Qd4 Rc2 45. Qe5 Bd3+ 46. Ke1 Bc5 47. c7 Ng4 48. Qxh5+ Nh6 49. c8Q Bf2+ 50. Kd1 Rxc8 51. Rxc8 1-0

[Event "Zuerich op-A 30th"]
[Site "Zuerich"]
[Date "2006.12.29"]
[Round "5"]
[White "Milliet, Sophie"]
[Black "Widmer, Simon"]
[Result "1-0"]
[WhiteElo "2394"]
[BlackElo "2201"]
[PlyCount "97"]
[EventDate "2006.12.26"]
[EventType "swiss"]
[EventRounds "7"]
[EventCountry "SUI"]
[SourceTitle "CBM 116 Extra"]
[Source "ChessBase"]
[SourceDate "2007.03.07"]
[SourceVersion "1"]
[SourceVersionDate "2007.03.07"]
[SourceQuality "1"]

1. e4 d6 2. d4 Nf6 3. Nc3 g6 4. Be3 c6 5. Qd2 b5 6. Bd3 Nbd7 7. Nf3 e5 8. 0-0 Bb7 9. dxe5 dxe5 10. a4 a6 11. h3 Bg7 12. Ne2 Qe7 13. Ng3 Nc5 14. Bxc5 Qxc5 15. b4 Qe7 16. c4 bxc4 17. Bxc4 0-0 18. Rfe1 c5 19. b5 axb5 20. Bxb5 Rac8 21. Bc4 Rfd8 22. Qe2 Bh6 23. a5 Bf4 24. a6 Ba8 25. Qc2 Bxg3 26. fxg3 h6 27. Re2 Rb8 28. Rf1 Rb4 29. Nd2 Rd6 30. Ref2 Kg7 31. Qc3 Rdb6 32. Qa1 Rd6 33. Bd5 Nxd5 34. Rxf7+ Qxf7 35. Rxf7+ Kxf7 36. exd5 Rxd5 37. Qf1+ Kg7 38. Nf3 Rb2 39. Qc4 Rb1+ 40. Kh2 Rb2 41. Qc3 Ra2 42. h4 Rxa6 43. Nxe5 Kg8 44. Ng4 h5 45. Nf6+ Kf7 46. Nxd5 Bxd5 47. Qxc5 Be6 48. Qc7+ Ke8 49. Qb8+ 1-0

[Event "Zug Young Masters 12th"]
[Site "Zug"]
[Date "2005.10.16"]
[Round "9"]
[White "Ragger, Markus"]
[Black "Widmer, Simon"]
[Result "1-0"]
[WhiteElo "2433"]
[BlackElo "2201"]
[PlyCount "63"]
[EventDate "2005.10.08"]
[EventType "tourn"]
[EventRounds "9"]
[EventCountry "SUI"]
[EventCategory "4"]
[SourceTitle "CBM 108 Extra"]
[Source "ChessBase"]
[SourceDate "2005.11.04"]
[SourceVersion "1"]
[SourceVersionDate "2005.11.04"]
[SourceQuality "1"]

1. e4 c5 2. c3 Nf6 3. e5 Nd5 4. Nf3 Nc6 5. Bc4 Nb6 6. Bb3 g6 7. d4 cxd4 8. Ng5 d5 9. exd6 e6 10. Qf3 Ne5 11. Qe2 Bg7 12. f4 Nc6 13. f5 Qxd6 14. 0-0 d3 15. Qf2 Ne5 16. Ne4 Qc6 17. f6 Bf8 18. Qd4 Nbd7 19. Bf4 Qb6 20. Nbd2 Nc6 21. Qxb6 Nxb6 22. Rae1 Bd7 23. Re3 0-0-0 24. Rxd3 Na5 25. Rd1 Nxb3 26. axb3 Nd5 27. Be5 b6 28. Nf3 Bc5+ 29. Nxc5 bxc5 30. Ng5 Rdf8 31. c4 Nb6 32. Bd6 1-0

[Event "Zug Young Masters 12th"]
[Site "Zug"]
[Date "2005.10.15"]
[Round "8"]
[White "Widmer, Simon"]
[Black "Van Delft, Merijn"]
[Result "1-0"]
[WhiteElo "2201"]
[BlackElo "2385"]
[PlyCount "69"]
[EventDate "2005.10.08"]
[EventType "tourn"]
[EventRounds "9"]
[EventCountry "SUI"]
[EventCategory "4"]
[SourceTitle "CBM 108 Extra"]
[Source "ChessBase"]
[SourceDate "2005.11.04"]
[SourceVersion "1"]
[SourceVersionDate "2005.11.04"]
[SourceQuality "1"]

1. e4 c5 2. Nf3 d6 3. d4 cxd4 4. Nxd4 Nf6 5. Nc3 Nc6 6. Bg5 Qb6 7. Be3 Qc7 8. Ndb5 Qa5 9. Bd2 Qd8 10. Nd5 Nxd5 11. exd5 Ne5 12. Be2 a6 13. Nd4 g6 14. 0-0 Bg7 15. Be3 0-0 16. c4 e6 17. f4 exd5 18. fxe5 dxe5 19. Nf3 d4 20. Bf2 Bf5 21. Bd3 e4 22. g4 Qd7 23. gxf5 Qxf5 24. Nxd4 Qg5+ 25. Kh1 exd3 26. Qxd3 Rad8 27. Rad1 Rd7 28. Nf3 Rxd3 29. Nxg5 Rfd8 30. Rxd3 Rxd3 31. Bc5 Rd2 32. Rf2 Rxf2 33. Bxf2 Bxb2 34. Kg2 f5 35. Ne6 1-0

[Event "Zug Young Masters 12th"]
[Site "Zug"]
[Date "2005.10.13"]
[Round "6"]
[White "Widmer, Simon"]
[Black "Zenklusen, Rico"]
[Result "0-1"]
[WhiteElo "2201"]
[BlackElo "2340"]
[PlyCount "102"]
[EventDate "2005.10.08"]
[EventType "tourn"]
[EventRounds "9"]
[EventCountry "SUI"]
[EventCategory "4"]
[SourceTitle "CBM 108 Extra"]
[Source "ChessBase"]
[SourceDate "2005.11.04"]
[SourceVersion "1"]
[SourceVersionDate "2005.11.04"]
[SourceQuality "1"]

1. e4 c6 2. d4 d5 3. e5 Bf5 4. Nf3 e6 5. Be2 Ne7 6. 0-0 Nd7 7. b3 c5 8. Na3 Nc6 9. c4 dxc4 10. Nxc4 cxd4 11. Nxd4 Ndxe5 12. Nxf5 Qxd1 13. Rxd1 exf5 14. Nxe5 Nxe5 15. Bb5+ Nc6 16. Re1+ Kd7 17. Bf4 Rd8 18. Bc4 Bd6 19. Rad1 Kc7 20. Rxd6 Rxd6 21. Rd1 Rhd8 22. Bxf7 g5 23. Bxd6+ Rxd6 24. Bh5 Rxd1+ 25. Bxd1 Kd6 26. Kf1 Kc5 27. Ke2 Kd4 28. Kd2 f4 29. Bf3 Nd8 30. Bg4 b5 31. a3 a5 32. Be2 b4 33. axb4 axb4 34. Bc4 Nb7 35. Bg8 h6 36. g3 fxg3 37. hxg3 h5 38. f4 h4 39. gxh4 gxh4 40. Ke2 Ke4 41. f5 Kxf5 42. Kf3 Nc5 43. Bf7 Ne4 44. Bg8 Ng5+ 45. Kg2 Kf4 46. Bc4 h3+ 47. Kh2 Kg4 48. Bf1 Nf3+ 49. Kh1 Nd2 50. Be2+ Kg3 51. Bd1 Ne4 0-1

[Event "Zug Young Masters 12th"]
[Site "Zug"]
[Date "2005.10.12"]
[Round "5"]
[White "Seps, Monika"]
[Black "Widmer, Simon"]
[Result "1-0"]
[WhiteElo "2200"]
[BlackElo "2201"]
[PlyCount "99"]
[EventDate "2005.10.08"]
[EventType "tourn"]
[EventRounds "9"]
[EventCountry "SUI"]
[EventCategory "4"]
[SourceTitle "CBM 108 Extra"]
[Source "ChessBase"]
[SourceDate "2005.11.04"]
[SourceVersion "1"]
[SourceVersionDate "2005.11.04"]
[SourceQuality "1"]

1. e4 c5 2. Nf3 Nc6 3. Bb5 d6 4. d4 cxd4 5. Qxd4 h6 6. Qd3 e5 7. 0-0 Nf6 8. Rd1 Be7 9. Nc3 0-0 10. Bc4 Be6 11. a3 Na5 12. Bd5 Rc8 13. Nd2 Qb6 14. Nf1 Bxd5 15. exd5 Qc7 16. Ne3 g6 17. Nb5 Qb6 18. Nf5 gxf5 19. Qxf5 Kh8 20. Bxh6 Rg8 21. Rd3 Ng4 22. Qh5 Qxf2+ 23. Kh1 Qxg2+ 24. Kxg2 Nf6+ 25. Qg5 Nxd5 26. Qxg8+ Rxg8+ 27. Kh1 Nf6 28. Rh3 Nh7 29. Rf1 f6 30. Rf5 Rg6 31. Rfh5 Kg8 32. Bd2 Ng5 33. Bxa5 Nxh3 34. Rxh3 d5 35. Rg3 Kf7 36. Bb4 Rxg3 37. hxg3 Bd8 38. Nd6+ Ke6 39. Nxb7 Bc7 40. Kg2 e4 41. c3 Kf5 42. Bd6 Bb6 43. Bc5 Bc7 44. Bxa7 Kg4 45. Bf2 f5 46. a4 e3 47. Bxe3 Bxg3 48. a5 f4 49. Bd4 f3+ 50. Kf1 1-0

[Event "Zug Young Masters 12th"]
[Site "Zug"]
[Date "2005.10.11"]
[Round "4"]
[White "Widmer, Simon"]
[Black "Sakelsek, Tadej"]
[Result "1/2-1/2"]
[WhiteElo "2201"]
[BlackElo "2404"]
[PlyCount "28"]
[EventDate "2005.10.08"]
[EventType "tourn"]
[EventRounds "9"]
[EventCountry "SUI"]
[EventCategory "4"]
[SourceTitle "CBM 108 Extra"]
[Source "ChessBase"]
[SourceDate "2005.11.04"]
[SourceVersion "1"]
[SourceVersionDate "2005.11.04"]
[SourceQuality "1"]

1. e4 c5 2. Nf3 Nc6 3. d4 cxd4 4. Nxd4 Qb6 5. Nb3 Nf6 6. Nc3 e6 7. Qe2 Bb4 8. Bd2 0-0 9. 0-0-0 Rd8 10. a3 Be7 11. g4 d6 12. h4 a6 13. h5 Qc7 14. g5 Nd7 1/2-1/2

[Event "Zuerich op-A 28th"]
[Site "Zuerich"]
[Date "2004.12.??"]
[Round "2"]
[White "Widmer, Simon"]
[Black "Desboeufs, Alexandre"]
[Result "1-0"]
[WhiteElo "2199"]
[BlackElo "2033"]
[PlyCount "33"]
[EventDate "2004.12.26"]
[EventType "swiss"]
[EventRounds "9"]
[EventCountry "SUI"]
[SourceTitle "EXT 2006"]
[Source "ChessBase"]
[SourceDate "2005.11.24"]
[SourceVersion "1"]
[SourceVersionDate "2005.11.24"]
[SourceQuality "1"]

1. d4 e6 2. c4 d5 3. Nf3 Nf6 4. Bg5 Bb4+ 5. Nbd2 c6 6. e3 Nbd7 7. Bd3 0-0 8. 0-0 h6 9. Bh4 Re8 10. Ne5 Bxd2 11. Nxd7 Qxd7 12. Qxd2 dxc4 13. Bxc4 g5 14. Bg3 Ne4 15. Qc2 Nxg3 16. hxg3 e5 17. Qg6+ 1-0

[Event "Amsterdam ACT op 1st"]
[Site "Amsterdam"]
[Date "2004.07.23"]
[Round "7"]
[White "Widmer, Simon"]
[Black "Bark, Eric"]
[Result "1-0"]
[WhiteElo "2209"]
[BlackElo "2198"]
[PlyCount "39"]
[EventDate "2004.07.17"]
[EventType "swiss"]
[EventRounds "9"]
[EventCountry "NED"]
[SourceTitle "CBM 101 Extra"]
[Source "ChessBase"]
[SourceDate "2004.09.01"]
[SourceVersion "2"]
[SourceVersionDate "2004.09.01"]
[SourceQuality "1"]

1. e4 c6 2. d4 d5 3. Nd2 g6 4. Ngf3 Nh6 5. h3 Bg7 6. Bd3 f6 7. 0-0 e5 8. exd5 cxd5 9. dxe5 fxe5 10. Nxe5 Bxe5 11. Re1 Nc6 12. Nf3 Nf7 13. Nxe5 Nfxe5 14. f4 0-0 15. fxe5 Qb6+ 16. Kh1 Be6 17. Bh6 Rf7 18. b3 Re8 19. Bg5 Bf5 20. Bxf5 1-0

[Event "Amsterdam ACT op 1st"]
[Site "Amsterdam"]
[Date "2004.07.19"]
[Round "3"]
[White "Widmer, Simon"]
[Black "Nezad, Husein Aziz"]
[Result "0-1"]
[WhiteElo "2209"]
[BlackElo "2312"]
[PlyCount "126"]
[EventDate "2004.07.17"]
[EventType "swiss"]
[EventRounds "9"]
[EventCountry "NED"]
[SourceTitle "CBM 101 Extra"]
[Source "ChessBase"]
[SourceDate "2004.09.01"]
[SourceVersion "2"]
[SourceVersionDate "2004.09.01"]
[SourceQuality "1"]

1. e4 c6 2. d4 d5 3. Nd2 dxe4 4. Nxe4 Bf5 5. Ng3 Bg6 6. h4 h6 7. Nf3 e6 8. Ne5 Bh7 9. Bc4 Nd7 10. Qe2 Nxe5 11. dxe5 Ne7 12. Bb3 Qc7 13. Bd2 0-0-0 14. 0-0-0 Nd5 15. f4 Be7 16. Ne4 Kb8 17. a3 c5 18. g3 Qc6 19. Rhe1 Nb6 20. Nc3 c4 21. Ba2 Rc8 22. Be3 Na4 23. Bd4 Rhd8 24. Qe3 Qa6 25. Nxa4 Qxa4 26. Rd2 c3 27. Bxc3 Rxd2 28. Qxd2 Bxa3 29. Bb3 Qc6 30. Re2 Qxc3 31. Qxc3 Rxc3 32. bxa3 Rxg3 33. Rd2 Kc8 34. Ba4 Rxa3 35. Bd7+ Kc7 36. Be8 Bg6 37. f5 Bxf5 38. Rd7+ Kc8 39. Rxf7 Rh3 40. Rxg7 Rxh4 41. Bd7+ Kd8 42. Bb5 Kc8 43. Bd7+ Kb8 44. Rg8+ Kc7 45. Rg7 Rg4 46. Rf7 Kd8 47. Bb5 Rg1+ 48. Kb2 Rg2 49. Ba4 b5 50. Bxb5 Rxc2+ 51. Kb3 Rc5 52. Kb4 Rxe5 53. Rd7+ Kc8 54. Rxa7 h5 55. Bc6 h4 56. Kc4 h3 57. Kd4 Re1 58. Kc5 h2 59. Ra8+ Kc7 60. Ra7+ Kd8 61. Ra8+ Ke7 62. Rh8 Rc1+ 63. Kb6 Rxc6+ 0-1

[Event "Zug Young Masters"]
[Site "Zug"]
[Date "2003.10.13"]
[Round "7"]
[White "Widmer, Simon"]
[Black "Rau, Hannes"]
[Result "0-1"]
[WhiteElo "2222"]
[BlackElo "2372"]
[PlyCount "50"]
[EventDate "2003.10.07"]
[EventType "tourn"]
[EventRounds "11"]
[EventCountry "SUI"]
[EventCategory "5"]
[SourceTitle "CBM 096 Extra"]
[Source "ChessBase"]
[SourceDate "2003.10.22"]
[SourceVersion "2"]
[SourceVersionDate "2003.10.20"]
[SourceQuality "1"]

1. e4 c5 2. Nf3 d6 3. d4 cxd4 4. Nxd4 Nf6 5. Nc3 Nc6 6. Bg5 e6 7. Qd2 a6 8. 0-0-0 Bd7 9. f4 Be7 10. Be2 0-0 11. Bf3 Qc7 12. g4 Rac8 13. h4 Na5 14. Qe1 Nc4 15. Nb3 b5 16. Rh2 a5 17. Bxf6 Bxf6 18. g5 Be7 19. Nd4 d5 20. e5 Bb4 21. Rd3 a4 22. Nde2 a3 23. bxa3 Bxa3+ 24. Kb1 b4 25. Nd1 Nxe5 0-1

[Event "SUI-ch op"]
[Site "Leukerbad"]
[Date "2002.07.13"]
[Round "3"]
[White "Widmer, Simon"]
[Black "Herbrechtsmeier, Christof"]
[Result "1-0"]
[WhiteElo "2141"]
[BlackElo "2334"]
[PlyCount "47"]
[EventDate "2002.07.11"]
[EventType "swiss"]
[EventRounds "9"]
[EventCountry "SUI"]
[SourceTitle "CBM 089 Extra"]
[Source "ChessBase"]
[SourceDate "2002.09.10"]
[SourceVersion "2"]
[SourceVersionDate "2002.09.10"]
[SourceQuality "1"]

1. e4 c5 2. Nf3 Nc6 3. d4 cxd4 4. Nxd4 g6 5. Nc3 Bg7 6. Be3 Nf6 7. Nxc6 bxc6 8. e5 Nd5 9. Nxd5 cxd5 10. Qxd5 Rb8 11. 0-0-0 Qc7 12. f4 0-0 13. Qc5 Qb7 14. Bd4 Bh6 15. Qxe7 Bxf4+ 16. Kb1 Be3 17. b3 Bxd4 18. Rxd4 Qc7 19. Bc4 Qd8 20. Qxd8 Rxd8 21. Rf1 Rf8 22. Rdf4 Bb7 23. Rxf7 Rxf7 24. Rxf7 1-0